Die Internationale Kommission zum Studium der Volkskultur in den Karpaten und auf dem Balkan (IKKKB)

Bibliographic Details
Main Author: Frolec, Václav, 1934-1992 (Author)
Format: Book
Language:German
PhysicalDescription:S. 213-218 27 cm
Published: [Göttingen Otto Schwartz] 1976
Subjects:

MARC

LEADER 00000nam a2200000 a 4500
001 vtls001287468
003 SK-MaSNL
005 20260301113448.0
008 240315s1976 DE 0 ger
020 |c 5,00 
035 |a SNK000239048 
040 |a SNK  |b slo  |c SNK  |e AACR2 
044 |a DE 
080 |a 39(234.42)  |2 1981 
100 1 |a Frolec, Václav,  |d 1934-1992  |4 aut  |9 42534 
245 1 4 |a Die Internationale Kommission zum Studium der Volkskultur in den Karpaten und auf dem Balkan (IKKKB)  |c von Václav Frolec 
260 |a [Göttingen  |b Otto Schwartz]  |c 1976 
300 |a S. 213-218  |c 27 cm 
500 |a Odtlačok z: Ethnologia Europaea, Vol. 9,2, 1976; S venovaním autora 
650 0 7 |a kultúra ľudová  |z oblasť karpatsko-balkánska  |x výskumy  |x odtlačky  |2 SNK  |9 455630 
958 |a OND 
999 |c 714313  |d 716243 
952 |t P60, <04>, [BOOK], {604}  |a SNK  |b SNK  |y VYP  |7 0  |p 17A0069951  |o snkOIB 2427  |i snkK 505/97  |0 0  |1 0  |4 0  |d 1997-05-19  |l 0  |r 2005-01-02 00:00:00  |w 2026-02-23